School finance / (Record no. 481170)

MARC details
000 -LEADER
fixed length control field 01795cam a2200397 i 4500
001 - CONTROL NUMBER
control field EDZ0000052702
003 - CONTROL NUMBER IDENTIFIER
control field StDuBDS
005 - DATE AND TIME OF LATEST TRANSACTION
control field 20161031105201.0
006 - FIXED-LENGTH DATA ELEMENTS--ADDITIONAL MATERIAL CHARACTERISTICS--GENERAL INFORMATION
fixed length control field m||||||||d||||||||
007 - PHYSICAL DESCRIPTION FIXED FIELD--GENERAL INFORMATION
fixed length control field cr |||||||||||
008 - FIXED-LENGTH DATA ELEMENTS--GENERAL INFORMATION
fixed length control field 111206s2012 cau fo| 001|0|eng|d
020 ## - INTERNATIONAL STANDARD BOOK NUMBER
International Standard Book Number 9781452218663 (ebook) :
Terms of availability No price
040 ## - CATALOGING SOURCE
Original cataloging agency StDuBDS
Language of cataloging eng
Transcribing agency StDuBDS
Description conventions rda
-- pn
049 ## - LOCAL HOLDINGS (OCLC)
Holding library Alfaisal Main Library
050 #0 - LIBRARY OF CONGRESS CALL NUMBER
Classification number LB2825
Item number .S33595 2012
082 04 - DEWEY DECIMAL CLASSIFICATION NUMBER
Classification number 371.206
Edition number 23
245 00 - TITLE STATEMENT
Title School finance /
Statement of responsibility, etc volume editor, William E. Thro.
264 #1 - PRODUCTION, PUBLICATION, DISTRIBUTION, MANUFACTURE STATEMENTS
Place of production, publication, distribution, manufacture Thousand Oaks, California :
Name of producer, publisher, distributor, manufacturer SAGE Publications,
Date of production, publication, distribution, manufacture 2012.
300 ## - PHYSICAL DESCRIPTION
Extent 1 online resource (xxvii, 404 pages).
336 ## - CONTENT TYPE
Content Type Term text
Source rdacontent
337 ## - MEDIA TYPE
Media Type Term computer
Source rdamedia
338 ## - CARRIER TYPE
Carrier Type Term online resource
Source rdacarrier
490 1# - SERIES STATEMENT
Series statement Debating issues in American education ;
Volume number/sequential designation volume 6
504 ## - BIBLIOGRAPHY, ETC. NOTE
Bibliography, etc Includes bibliographical references and index.
520 8# - SUMMARY, ETC.
Summary, etc Contributors explore issues as additional fees, charger schools, equity vs. adequacy, federal mandates and funding, merit pay for teachers, property taxes and local revenues, and more. Each chapter opens with an introductory essay by the volume editor, followed by articles written and signed by invited experts, and concludes with Further Readings and Resources.
521 ## - TARGET AUDIENCE NOTE
Target audience note Specialized.
588 ## -
-- Description based on online resource; title from home page (viewed on December 17, 2014).
650 #0 - SUBJECT ADDED ENTRY--TOPICAL TERM
Topical term or geographic name as entry element Education
Geographic subdivision United States
General subdivision Finance.
655 #7 - INDEX TERM--GENRE/FORM
Genre/form data or focus term Electronic books.
Source of term local
700 1# - ADDED ENTRY--PERSONAL NAME
Personal name Thro, William E.,
Relator term editor.
710 2# - ADDED ENTRY--CORPORATE NAME
Corporate name or jurisdiction name as entry element Sage eBooks
776 08 - ADDITIONAL PHYSICAL FORM ENTRY
Display text Print version :
International Standard Book Number 9781412987578
830 #0 - SERIES ADDED ENTRY--UNIFORM TITLE
Uniform title Debating issues in American education ;
Volume number/sequential designation volume 6.
856 40 - ELECTRONIC LOCATION AND ACCESS
Uniform Resource Identifier <a href="http://ezproxy.alfaisal.edu/login?url=http://sk.sagepub.com/reference/schoolfinance">http://ezproxy.alfaisal.edu/login?url=http://sk.sagepub.com/reference/schoolfinance</a>
942 ## - ADDED ENTRY ELEMENTS (KOHA)
Source of classification or shelving scheme Library of Congress Classification
Koha item type eBooks

No items available.

Copyright © 2020 Alfaisal University Library. All Rights Reserved.
Tel: +966 11 2158948 Fax: +966 11 2157910 Email:
librarian@alfaisal.edu